000 002790000a22000970004500
100 1 _aWinter, Ralph D.
245 1 0 _aMission 2000 : Towards strategy of closure
300 _aVol. 2, Núm 1 (1985), Páginas 39-52
773 0 _tInternational Journal of Frontier Misions
942 _cANA
999 _c55111
_d55111